banner-ar

مقياس اللامبالاة الانفعالية (Record no. 66815)

MARC details
000 -الفاتح
حقل البيانات ثابتة الطول 00862nam a22002417a 4500
005 - وقت وتاريخ اخر تعامل مع التسجيلة
رقم الضبط 20240530110940.0
008 - عناصر البيانات ثابتة الطول - معلومات عامة
حقل البيانات ثابتة الطول 180321s2016 ua j g 000 0 ara d
017 ## - رقم الايداع القانونى
رقم الايداع القانونى 2016/1568
المصدر ( الهيئة المختصة) مصر. دار الكتب
020 ## - الرقم الدولى المعيارى للكتب
الرقم الدولى المعيارى للكتاب 9789776469235
040 ## - مصدر الفهرسة
وكالة الفهرسة الأصلية EG-CaGPL
082 04 - رقم تصنيف ديوى العشرى
رقم الطبعة 21
رقم التصنيف 153.1532
رقم المادة م م
100 0# - المدخل الرئيسى - إسم شخصى
الإسم الشخصى مجدي محمد الدسوقي
245 10 - بيان العنوان
العنوان مقياس اللامبالاة الانفعالية
بيان المسئوليه,etc مجدي محمد الدسوقي
260 ## - PUBLICATION, DISTRIBUTION, ETC. (IMPRINT)
تاريخ النشر أو التوزيع 2016.
300 ## - الوصف المادى
التعداد 79 ص. ؛
تفاصيل ماديه اخرى للوعاء 24 سم.
650 07 - المدخل الاضافى بالموضوع-مصطلح موضوعى
مصطلح موضوعي اللامبالاة
650 07 - المدخل الاضافى بالموضوع-مصطلح موضوعى
مصطلح موضوعي الإضطرابات النفسية
650 07 - المدخل الاضافى بالموضوع-مصطلح موضوعى
مصطلح موضوعي الإنفعالات
650 07 - المدخل الاضافى بالموضوع-مصطلح موضوعى
مصطلح موضوعي تأمين المعادن
650 07 - المدخل الاضافى بالموضوع-مصطلح موضوعى
مصطلح موضوعي المعادن
التقسيم الفرعي العام أدوت القطع
942 ## - عناصر المدخل الإضافي( كوها)
مصدر التصنيف او مخطط الترفيف Dewey Decimal Classification
Koha [default] item type كتاب
260 ## - PUBLICATION, DISTRIBUTION, ETC. (IMPRINT)
-- القاهرة :
-- دار العلوم للنشر والتوزيع ،
Holdings
حالة التراجع حالة الفقد حالة تلف ليس للاعارة المكان المؤقت الموقع الحالى موقع الترفيف تاريخ الاكتساب اجمالي اﻻعارات رقم الطلب الباركود تاريخ اخر مشاهدة تاريخ تفعيل السعر نوع وعاء كوها
        مكتبة القاهرة الكبرى مكتبة القاهرة الكبرى   11/02/2022   153.1532 م م 168740 11/02/2022 11/02/2022 كتاب

Powered By

EGPV